000 005970000a22002050004500
020 _a0-85151-784-6 : Donación
041 0 _aSpa.
082 0 4 _aG 227.3 H6881c
100 1 _aHodge, C.
245 1 0 _aComentario a segunda de Corintios / C. Hodge
260 _aGran Bretaña : El Estandarte de la Verdad
300 _a345 p.
501 _aEncuadernado en rústico con pasta flexible
650 1 4 _aBIBLIA N.T. - II DE CORINTIOS - COMENTARIOS
001 2206
942 _cBK
999 _c33191
_d33191
336 _atexto
_btxt
_2rdacontent
337 _2rdamedia
_asin mediación
_bn
338 _2rdacarrier
_avolumen
_bnc